Vista normal
Vista MARC
Entrada Materia (geográfica)
Número de registros utilizados en: 1
001 - CONTROL NUMBER
- control field: 100128
003 - CONTROL NUMBER IDENTIFIER
- control field: Co-BoUCM
005 - DATE AND TIME OF LATEST TRANSACTION
- control field: 20200304102547.0
008 - FIXED-LENGTH DATA ELEMENTS
- fixed length control field: 200304|| aca||aabn | a|a d
040 ## - CATALOGING SOURCE
- Original cataloging agency: Co-BoUCM
- Transcribing agency: Co-BoUCM
151 ## - HEADING--GEOGRAPHIC NAME
- Geographic name: Cuba
- General subdivision: Relaciones internacionales
670 ## - SOURCE DATA FOUND
- Source citation: Work cat.: (Co-BoUCM)317111: Neagle, Michael 100125, America's forgotten colony, 2016